Brazilian cities by literal translation - Statistics

General Stats
  • This quiz has been taken 47 times
  • The average score is 10 of 12
Answer Stats
Hint Answer % Correct
January River Rio de Janeiro
100%
Saint Paul São Paulo
100%
Beautiful Horizon Belo Horizonte
98%
Saviour Salvador
95%
Fortress Fortaleza
93%
Saint Louis São Luís
91%
Christmas Natal
89%
Bethlehem Belém
84%
Joyful Harbour Porto Alegre
84%
Reef Recife
82%
Great Field Campo Grande
68%
Meadows Campinas
34%
No matching quizzes found
Score Distribution
Percent of People with Each Score
Percentile by Number Answered
Your Score History
You have not taken this quiz